000 00611nam a2200229Ia 4500
003 OSt
005 20220923230457.0
006 a|||||r|||| 00| 0
007 ta
008 220922b |||||||| |||| 00| 0 pan d
024 _a282,405
037 _cTextual
040 _aARTS
_cARTS
_bpan
041 _2pan
_apan
082 _aO153,3N482,NC, N2
100 _aਸੰਤ ਕੂਮਾਰ
245 0 _aਨੂਰ ਚੰਨ
260 _c1992
650 _aਪੰਜਾਬੀ ਸਾਹਿਤ
942 _hO153,3N482,NC, N2
_cTEXL
_2CC
999 _c385118
_d385118